000 00363nam a2200157Ia 4500
005 20250425161404.0
008 250425s9999 xx 000 0 und d
041 _aspa
082 _a001.64
245 0 _aMETODOS PARA LA SOLUCION DE PROBLEMAS CON COM
250 _aS.E.
260 _aS.L.
260 _aSin Pais
_bRSI
_c1980
942 _c01
010 _a19171
999 _c208230
_d208230